000 01071nam a22002537a 4500
005 20170124103158.0
010 _aA-989977
020 _c75.00
_a8176556910
035 _aA-989977
037 _bCen Lib/Ret
040 _aDPL
_bHN
082 _a080
_bप्रियत
245 _aप्रिय तसलीमा नसरीन /
_cअनुवादक अमर गोस्वामी
246 _aPriya Taslima Nasrin /
_banuvadak Amar Goswami
260 _aनई दिल्ली
_bवाणी प्रकाशन
_c1999
270 _a21 ए दरियागंज
_bनई दिल्ली
_e110002
300 _a100पृ.
_c17सेमी (सजिल्द)
650 _aलेखिका -- जीवनी -- बंगलादेश
_9780
650 _aलेखिका -- जीवनी
_990707
650 _aWriter -- Biography -- Bangladesh
_990708
650 _aWriter -- Biography
_990709
700 _aगोस्वामी, अमर
_947617
942 _2ddc
_cHN
_h080
_mप्रियत
999 _c120492
_d120492